Inquisición y sociedad en México, 1571-1700 /

Análisis del funcionamiento del tribunal del Santo Oficio en México en el período de 1571-1700. El objetivo de la obra es aclarar el significado de la Inquisición en la Nueva España y su relación con la sociedad y con el poder.

Salvato in:
Dettagli Bibliografici
Autore principale: Alberro, Solange (autor)
Natura: Libro
Lingua:spagnolo
Pubblicazione: México : Fondo de Cultura Económica, 1998, c1996
Serie:(Sección de Obras de Historia)
Soggetti:
Tags: Aggiungi Tag
Nessun Tag, puoi essere il primo ad aggiungerne!!

MARC

LEADER 00000nam^a2200000^a^4500
001 000617602
005 20250710000000.0
009 20260310133743.754
020 |a 968-16-2994-9 
037 |a Acervo ITESO - Biblioteca 
041 |a ESP 
082 |a 972. 03  |b ALB 
100 |a Alberro, Solange  |e (autor) 
245 1 0 |a Inquisición y sociedad en México, 1571-1700 /  |c S. Alberro. 
264 4 |a México :  |b Fondo de Cultura Económica,  |c 1998, c1996 
300 |a 622 p. 
336 |a texto  |b txt  |2 rdacontenido 
337 |a sin mediación  |b n  |2 rdamedio 
338 |a volumen  |b nc  |2 rdasoporte 
440 1 |a (Sección de Obras de Historia) 
500 |a Traducción de: Inquisition et societé au Mexique, 1571-1700 
520 |a Análisis del funcionamiento del tribunal del Santo Oficio en México en el período de 1571-1700. El objetivo de la obra es aclarar el significado de la Inquisición en la Nueva España y su relación con la sociedad y con el poder. 
649 |a XX 
650 |a Mujeres -  |z México -  |x Condiciones Sociales y Culturales 
650 |a Judíos en México -  |x Historia -  |y Epoca Colonial, 1517-1821 
650 |a Criptojudíos en México -  |x Historia -  |y Epoca Colonial, 1517-1821 
650 |a Iglesia Católica en México -  |x Historia -  |y Epoca Colonial, 1517-1821 
650 |a Iglesia y Estado -  |z México -  |x Historia -  |y Epoca Colonial, 1517-1821 -  |x Tema Principal 
650 |a Tribunales Eclesiásticos -  |z México -  |x Historia -  |y Epoca Colonial, 1517-1821 
650 |a Inquisición -  |z México -  |x Historia -  |y Epoca Colonial, 1517-1821 
650 |a Delitos -  |z México -  |x Aspectos Sociales y Culturales 
650 |a Delitos -  |z México -  |x Aspectos Políticos 
650 |a Poder Político -  |z México -  |x Historia -  |y Epoca Colonial, 1517-1821 
650 |a Política y Religión -  |z México -  |x Historia -  |y Epoca Colonial, 1517-1821 
650 |a Judaísmo -  |z México -  |x Historia -  |y Epoca Colonial, 1517-1821 
650 |a Catolicismo -  |z México -  |x Historia -  |y Epoca Colonial, 1517-1821 
650 |a México -  |x Historia -  |y Epoca Colonial, 1517-1821 
650 |a México -  |x Historia -  |y Virreinato, 1535-1821 
910 |a Fondo Castillo-Martínez 
920 |a Impresos - Libros 
930 |a Fondos Especiales 
905 |a 127 
901 |a 617602-10  |b IT2  |c ESP  |i D128283  |u 20250710 
902 |a https://opac.biblio.iteso.mx/vufind/Record/000617602